General Knowledge #13 - Statistics

General Stats
  • This quiz has been taken 50 times
  • The average score is 9 of 20
Answer Stats
Question Answer % Correct
Cats of what colour are considered bad luck? Black
88%
Name the four official languages of Singapore. English
86%
Name the largest U.S. state. Alaska
83%
Paella is the national dish of what country? Spain
79%
Chinese
71%
What is the largest island in the Caribbean Sea? Cuba
71%
What volcano erupted in 79 AD? Mt Vesuvius
64%
What country was the first to give women the vote? New Zealand
45%
Malay
40%
The first modern Olympics were held in what year? 1896
38%
Who was the first person to reach the South Pole? Roald Amundsen
38%
The Arab Spring began in what year? 2010
36%
The Wright Brothers are associated with what invention? Aeroplane
36%
Pokemon was originally released on what video-game console? Gameboy
31%
What does PhD stand for? Doctor of Philosophy
26%
Tamil
17%
Hydrosis is the medical term for what? Sweating
12%
What river was Jesus baptized in? Jordan River
7%
St Valentine is the patron saint of what disease? Epilepsy
0%
What is Santa Claus known as in Russia? Grandfather Frost
0%
No matching quizzes found
Score Distribution
Percent of People with Each Score
Percentile by Number Answered
Your Score History
You have not taken this quiz